Statistiques concernant Tracklist ADC - Freeze Corleone

Cliquez ici pour prendre le quiz!

Statistiques générales

  • Ce quiz a été pris 121 fois
  • Le résultat moyen est 10 sur 13

Statistiques - réponses

Réponse% Correct
Shavkat
95%
MW2
91%
Jour de plus
90%
Ancelotti
86%
Amérique du sud
83%
Lamborghini bénie
83%
Kpop
80%
Bill Clinton
79%
Voldemort
75%
L'homme méthode
74%
Isshin Ashina
71%
Argent noir part. 3
69%
Tse Chi Lop
67%

Distribution des résultats

Percentile par nombre de réponses

% des personnes avec chaque résultat

Votre développement - résultats

Vous n’avez pas pris ce quiz